[Event "Titled Tuesday intern op 12th Mar Late"]
[Site "Chess.com INT"]
[Date "2024.03.12"]
[Round "10"]
[White "Cardozo Munar, Carlos Eduardo"]
[Black "Tokman, Ariel"]
[Result "0-1"]
[WhiteElo "2043"]
[BlackElo "2399"]
[PlyCount "128"]
[EventDate "2024.03.12"]
[EventType "swiss (blitz)"]
[EventRounds "11"]
[EventCountry "USA"]
[SourceTitle "CB12_2024"]
[SourceDate "2023.10.01"]
[SourceVersion "1"]
[SourceVersionDate "2023.10.01"]
[SourceQuality "1"]

1. e4 c5 2. Nf3 e6 3. Nc3 a6 4. d3 Nc6 5. g3 g6 6. Bg2 Bg7 7. 0-0 Nge7 8. Bg5 h6 9. Be3 Nd4 10. Qd2 d6 11. a4 h5 12. h4 Nec6 13. Kh2 0-0 14. Rab1 Bd7 15. Ne2 Nxf3+ 16. Bxf3 Nd4 17. Bxd4 cxd4 18. b3 b5 19. axb5 axb5 20. Ra1 Qc7 21. Kg2 Rfc8 22. Rxa8 Rxa8 23. e5 d5 24. Nxd4 Bxe5 25. Ne2 Ra2 26. Rc1 Bg7 27. d4 b4 28. Qxb4 Rxc2 29. Rxc2 Qxc2 30. Qb8+ Kh7 31. Qb7 Qc6 32. Qxc6 Bxc6 33. Nc1 Bxd4 34. Nd3 Kg7 35. Kf1 Kf6 36. Ke2 Ke7 37. g4 hxg4 38. Bxg4 f5 39. Bh3 Bb5 40. f4 Bf6 41. Ke3 Bxd3 42. Kxd3 Bxh4 43. b4 Kd6 44. Bf1 Bg3 45. Ke3 Bh4 46. Ba6 g5 47. fxg5 Bxg5+ 48. Kd3 e5 49. Bc8 e4+ 50. Kd4 Bf6+ 51. Ke3 Ke5 52. b5 Bd8 53. Bb7 Bb6+ 54. Ke2 f4 55. Bc8 f3+ 56. Ke1 d4 57. Bh3 Kf4 58. Bf1 Ke3 59. Kd1 d3 60. Ke1 Ba5+ 61. Kd1 Kd4 62. b6 Bxb6 63. Ke1 Ba5+ 64. Kd1 e3 0-1

[Event "Titled Tuesday intern op 12th Mar Late"]
[Site "Chess.com INT"]
[Date "2024.03.12"]
[Round "9"]
[White "Rustemov, Alexander"]
[Black "Tokman, Ariel"]
[Result "1-0"]
[WhiteElo "2525"]
[BlackElo "2399"]
[PlyCount "75"]
[EventDate "2024.03.12"]
[EventType "swiss (blitz)"]
[EventRounds "11"]
[EventCountry "USA"]
[SourceTitle "CB12_2024"]
[SourceDate "2023.10.01"]
[SourceVersion "1"]
[SourceVersionDate "2023.10.01"]
[SourceQuality "1"]

1. d4 d5 2. c4 c6 3. Nc3 Nf6 4. e3 a6 5. Qc2 Bg4 6. b3 e6 7. Bb2 Bf5 8. Bd3 Bxd3 9. Qxd3 Nbd7 10. Nf3 Be7 11. 0-0 0-0 12. Rfd1 b5 13. Rac1 Qa5 14. c5 Rfe8 15. a3 Qc7 16. b4 a5 17. Ne2 axb4 18. axb4 Ne4 19. Ra1 Bf6 20. Ng3 Nxg3 21. hxg3 g6 22. Ra3 Rxa3 23. Qxa3 e5 24. Ra1 exd4 25. Bxd4 Ne5 26. Qc3 Nxf3+ 27. gxf3 Bxd4 28. Qxd4 Qb7 29. Qf6 Ra8 30. Rd1 Qd7 31. Kg2 Qe6 32. Qf4 Kg7 33. Rh1 h5 34. g4 Qf6 35. Qxf6+ Kxf6 36. gxh5 g5 37. h6 Rh8 38. h7 1-0

[Event "Titled Tuesday intern op 12th Mar Late"]
[Site "Chess.com INT"]
[Date "2024.03.12"]
[Round "8"]
[White "Tokman, Ariel"]
[Black "Yanchenko, Roman"]
[Result "0-1"]
[WhiteElo "2399"]
[BlackElo "2466"]
[PlyCount "64"]
[EventDate "2024.03.12"]
[EventType "swiss (blitz)"]
[EventRounds "11"]
[EventCountry "USA"]
[SourceTitle "CB12_2024"]
[SourceDate "2023.10.01"]
[SourceVersion "1"]
[SourceVersionDate "2023.10.01"]
[SourceQuality "1"]

1. c4 e5 2. g3 c5 3. Bg2 Nc6 4. Nc3 g6 5. Nf3 Bg7 6. 0-0 Nge7 7. a3 0-0 8. Rb1 f5 9. d3 d6 10. Bg5 h6 11. Bxe7 Nxe7 12. Qc2 Rb8 13. b4 b6 14. Nd2 Bb7 15. Nd5 Nxd5 16. cxd5 Kh7 17. Qa4 Ra8 18. Nc4 a6 19. Qc2 Rc8 20. Qb2 e4 21. Qb3 Bxd5 22. Qd1 cxb4 23. Rxb4 b5 24. Ne3 Bc6 25. dxe4 a5 26. Rb1 fxe4 27. Nc2 Qf6 28. e3 Qc3 29. Qe2 Qd3 30. Rfe1 Bc3 31. Qxd3 exd3 32. Nd4 Bxg2 0-1

[Event "Titled Tuesday intern op 06th Feb Early"]
[Site "Chess.com INT"]
[Date "2024.02.06"]
[Round "11"]
[White "Kekic, Armin"]
[Black "Tokman, Ariel"]
[Result "1-0"]
[WhiteElo "2138"]
[BlackElo "2399"]
[PlyCount "141"]
[EventDate "2024.02.06"]
[EventType "swiss (blitz)"]
[EventRounds "11"]
[EventCountry "USA"]
[SourceTitle "CB07_2024"]
[SourceDate "2024.02.14"]
[SourceVersion "1"]
[SourceVersionDate "2024.02.14"]
[SourceQuality "1"]

1. e4 d6 2. d4 Nf6 3. Nc3 Nbd7 4. Be3 e5 5. f3 Be7 6. Bc4 0-0 7. Nge2 a6 8. a4 Re8 9. a5 exd4 10. Nxd4 Ne5 11. Bb3 c5 12. Nde2 Nc6 13. 0-0 Nxa5 14. Ba2 Nc6 15. Nf4 Bf8 16. Qd2 Nb4 17. Bc4 Qc7 18. Rfd1 Bd7 19. Bf2 Bc6 20. Bg3 Rad8 21. Nfd5 Nbxd5 22. Nxd5 Nxd5 23. Bxd5 Qb6 24. Ra2 Bxd5 25. Qxd5 Be7 26. h3 Bf6 27. c3 Be5 28. f4 Bf6 29. Kh2 Qb5 30. Rd2 h6 31. Bf2 Qf1 32. Ra4 Qb5 33. Ra1 Re6 34. Re1 Rde8 35. g4 Qc6 36. Qxc6 bxc6 37. e5 dxe5 38. f5 R6e7 39. Bxc5 Rb7 40. Ra1 Rb5 41. b4 e4 42. Ra3 Ra8 43. Re2 a5 44. Rxe4 a4 45. Bd4 Bxd4 46. Rxd4 c5 47. Rd5 Rab8 48. Rxc5 Rxc5 49. bxc5 Rb3 50. Rxa4 Rxc3 51. Ra5 h5 52. Kg2 h4 53. Rb5 f6 54. Ra5 Kh7 55. Rb5 Kh6 56. Ra5 Kg5 57. Ra7 Rc2+ 58. Kf3 Rc3+ 59. Ke4 Rxh3 60. Rxg7+ Kh6 61. Rg6+ Kh7 62. Rxf6 Rc3 63. c6 h3 64. g5 Kg7 65. Rh6 Rg3 66. Kf4 Rc3 67. f6+ Kf7 68. Kg4 Rxc6 69. Rh7+ Kg8 70. Rg7+ Kf8 71. Kxh3 1-0

[Event "Titled Tuesday intern op 06th Feb Early"]
[Site "Chess.com INT"]
[Date "2024.02.06"]
[Round "8"]
[White "Tokman, Ariel"]
[Black "Novak, Ratko"]
[Result "1-0"]
[WhiteElo "2399"]
[BlackElo "2037"]
[PlyCount "65"]
[EventDate "2024.02.06"]
[EventType "swiss (blitz)"]
[EventRounds "11"]
[EventCountry "USA"]
[SourceTitle "CB07_2024"]
[SourceDate "2024.02.14"]
[SourceVersion "1"]
[SourceVersionDate "2024.02.14"]
[SourceQuality "1"]

1. e4 d5 2. exd5 c6 3. Nc3 cxd5 4. d4 Nc6 5. h3 f6 6. Nf3 Bf5 7. Bb5 a6 8. Ba4 g5 9. 0-0 e6 10. Re1 Qd7 11. Ne2 Bd6 12. Bb3 Nge7 13. c4 0-0 14. Nc3 dxc4 15. Bxc4 b5 16. Bb3 Na5 17. Bc2 Rad8 18. Ne4 Bb4 19. Bd2 Bxd2 20. Qxd2 Nb7 21. a4 Bxe4 22. Rxe4 Nd6 23. Ree1 Nc4 24. Qe2 Nxb2 25. axb5 axb5 26. Ra6 Nc4 27. Rxe6 Nd5 28. Qe4 Na3 29. Bd3 Rf7 30. Qf5 Kg7 31. h4 Nf4 32. Qxh7+ Kf8 33. Qh8# 1-0

[Event "Titled Tuesday intern op 06th Feb Early"]
[Site "Chess.com INT"]
[Date "2024.02.06"]
[Round "5"]
[White "Tomczak, Jacek"]
[Black "Tokman, Ariel"]
[Result "1-0"]
[WhiteElo "2598"]
[BlackElo "2399"]
[PlyCount "81"]
[EventDate "2024.02.06"]
[EventType "swiss (blitz)"]
[EventRounds "11"]
[EventCountry "USA"]
[SourceTitle "CB07_2024"]
[SourceDate "2024.02.14"]
[SourceVersion "1"]
[SourceVersionDate "2024.02.14"]
[SourceQuality "1"]

1. e4 Nf6 2. e5 Nd5 3. Nc3 Nxc3 4. dxc3 d6 5. Bf4 Nc6 6. Bb5 Bd7 7. Qe2 a6 8. Bd3 dxe5 9. Bxe5 Nxe5 10. Qxe5 Bc6 11. 0-0-0 Qd6 12. Qe3 Qh6 13. Qxh6 gxh6 14. f3 e6 15. Ne2 Bd6 16. Rhf1 h5 17. h3 Rg8 18. g4 hxg4 19. hxg4 h5 20. gxh5 Rh8 21. Nd4 Rxh5 22. Nxc6 bxc6 23. Be4 Rc5 24. Rg1 Ke7 25. Rg7 a5 26. Rh1 Be5 27. Rg2 a4 28. a3 Rb8 29. Bd3 Bf4+ 30. Kb1 Be5 31. Ka2 Bf6 32. Rg4 Ra8 33. Rh7 Rg5 34. Rc4 c5 35. f4 Rg7 36. Rh5 Kd6 37. Rhxc5 Bd8 38. Be4 Ra7 39. Rh5 Rg1 40. Rd4+ Ke7 41. Rh8 1-0

[Event "Buenos Aires Torre Blanca"]
[Site "Buenos Aires"]
[Date "2023.11.28"]
[Round "5"]
[White "Tokman, Ariel"]
[Black "Perez Candelas, Andres Eloy"]
[Result "1-0"]
[WhiteElo "2305"]
[BlackElo "2227"]
[PlyCount "65"]
[EventDate "2023.11.25"]
[EventType "tourn"]
[EventRounds "9"]
[EventCountry "ARG"]
[EventCategory "1"]
[SourceTitle "CB49_2023"]
[SourceDate "2023.12.06"]
[SourceVersion "1"]
[SourceVersionDate "2023.12.06"]
[SourceQuality "1"]

1. c4 g6 2. Nc3 Bg7 3. g3 d6 4. Bg2 Nf6 5. e3 0-0 6. Nge2 e5 7. 0-0 Nc6 8. d3 Bg4 9. h3 Be6 10. Nd5 Ne7 11. Nxf6+ Bxf6 12. Nc3 Bg7 13. b3 Qd7 14. Kh2 c6 15. Ba3 f5 16. Ne2 f4 17. exf4 exf4 18. Nxf4 Rxf4 19. gxf4 Rf8 20. Qf3 g5 21. Rae1 Rxf4 22. Qh5 Ng6 23. Qxg5 Bf6 24. Qg3 Bf5 25. Bc1 Rh4 26. Re4 Bxe4 27. Bxe4 Kf7 28. Rg1 Ne7 29. f4 Nf5 30. Qg8+ Ke7 31. Re1 Nh6 32. Bf5+ Be5 33. Qg5+ 1-0

[Event "ARG-ch 98th"]
[Site "Buenos Aires"]
[Date "2023.11.05"]
[Round "9"]
[White "Francisco Guecamburu, Candela Be"]
[Black "Tokman, Ariel"]
[Result "0-1"]
[WhiteElo "2345"]
[BlackElo "2306"]
[PlyCount "80"]
[EventDate "2023.10.28"]
[EventType "tourn"]
[EventRounds "11"]
[EventCountry "ARG"]
[EventCategory "7"]
[SourceTitle "CB46_2023"]
[SourceDate "2023.11.15"]
[SourceVersion "1"]
[SourceVersionDate "2023.11.15"]
[SourceQuality "1"]

1. e4 c6 2. d4 d5 3. e5 c5 4. Nf3 cxd4 5. Qxd4 Nc6 6. Qf4 e6 7. Nc3 Nb4 8. Nd4 Ne7 9. a3 Ng6 10. Qg3 Nc6 11. Bb5 Bd7 12. Bxc6 bxc6 13. 0-0 Be7 14. Nf3 0-0 15. Bg5 Bxg5 16. Nxg5 Qb8 17. f4 Qxb2 18. Qd3 Qb6+ 19. Kh1 h6 20. Nh3 f5 21. Na4 Qa5 22. Qd4 Rfb8 23. Nf2 Nxf4 24. Qxf4 c5 25. Nd3 Bxa4 26. Nxc5 Qxc5 27. Qxa4 Rb2 28. Rac1 Rc8 29. Qd7 Qc6 30. Qxa7 Ra8 31. Qe7 Rb7 32. Qh4 Rxa3 33. c4 Kh7 34. Qd4 Ra4 35. h3 Rxc4 36. Qd2 Rc7 37. Rcd1 Rc2 38. Qd4 Qc4 39. Qb6 Qe4 40. Rg1 R7c3 0-1

[Event "Titled Tuesday intern op 08th Aug Early"]
[Site "Chess.com INT"]
[Date "2023.08.08"]
[Round "6"]
[White "Seder, Mohamad"]
[Black "Tokman, Ariel"]
[Result "1-0"]
[WhiteElo "2077"]
[BlackElo "2299"]
[PlyCount "49"]
[EventDate "2023.08.08"]
[EventType "swiss (blitz)"]
[EventRounds "11"]
[EventCountry "USA"]
[SourceTitle "EXT 2024"]
[Source "ChessBase"]
[SourceDate "2023.10.10"]
[SourceVersion "1"]
[SourceVersionDate "2023.10.10"]
[SourceQuality "1"]

1. e4 Nf6 2. e5 Nd5 3. c4 Nb6 4. d4 d6 5. f4 g6 6. a4 a5 7. Nc3 Bg7 8. Be3 Nc6 9. Be2 0-0 10. b3 f6 11. c5 fxe5 12. fxe5 dxe5 13. d5 Nd4 14. cxb6 Bf5 15. bxc7 Qxc7 16. Rc1 Nc2+ 17. Rxc2 Bxc2 18. Qxc2 e4 19. Bc4 Qe5 20. Nge2 Kh8 21. Qxe4 Qh5 22. Bd4 Qg5 23. Bxg7+ Kxg7 24. Qd4+ Kh6 25. Qd2 1-0

[Event "Titled Tuesday intern op 08th Aug Early"]
[Site "Chess.com INT"]
[Date "2023.08.08"]
[Round "3"]
[White "Tokman, Ariel"]
[Black "Zelbel, Patrick"]
[Result "1-0"]
[WhiteElo "2299"]
[BlackElo "2466"]
[PlyCount "151"]
[EventDate "2023.08.08"]
[EventType "swiss (blitz)"]
[EventRounds "11"]
[EventCountry "USA"]
[SourceTitle "EXT 2024"]
[Source "ChessBase"]
[SourceDate "2023.10.10"]
[SourceVersion "1"]
[SourceVersionDate "2023.10.10"]
[SourceQuality "1"]

1. c4 e5 2. g3 Nf6 3. Bg2 h5 4. d4 exd4 5. Qxd4 Nc6 6. Qe3+ Be7 7. Nf3 d5 8. 0-0 d4 9. Qd3 Nb4 10. Qb3 Bf5 11. Na3 0-0 12. Rd1 c5 13. e3 d3 14. Bd2 a6 15. Ne1 Qc7 16. Rac1 Rad8 17. Nb1 h4 18. Bxb4 cxb4 19. Nxd3 Bg4 20. Re1 a5 21. Nf4 Bc5 22. Nd5 Qe5 23. Nd2 h3 24. Bh1 Rfe8 25. Nf3 Qf5 26. Nd4 Bxd4 27. exd4 Ne4 28. Qe3 Ng5 29. Qf4 Qxf4 30. gxf4 Nf3+ 31. Bxf3 Bxf3 32. Re3 Bxd5 33. cxd5 Rxe3 34. fxe3 Rxd5 35. Kf2 g5 36. Kf3 gxf4 37. Kxf4 Kg7 38. Rc7 Kf6 39. Rxb7 Rf5+ 40. Kg3 Rg5+ 41. Kxh3 Rh5+ 42. Kg3 Rg5+ 43. Kf4 Rh5 44. Rb6+ Kg7 45. Ra6 Rxh2 46. Rxa5 Rxb2 47. e4 Kf6 48. Ra6+ Ke7 49. Ke5 Rd2 50. Ra7+ Ke8 51. d5 Rd1 52. Kd6 Kf8 53. Ra8+ Kg7 54. e5 Rd2 55. Ra7 Kg6 56. Kc5 Rb2 57. d6 Rb1 58. Ra8 Re1 59. d7 Rxe5+ 60. Kd6 Re4 61. d8Q Rd4+ 62. Ke7 Rxd8 63. Rxd8 f5 64. Rb8 Kg5 65. Rxb4 f4 66. Kd6 f3 67. Rb2 Kf4 68. a4 Ke3 69. a5 Kd3 70. a6 Kc3 71. Rf2 Kb4 72. Rxf3 Ka5 73. Ra3+ Kb6 74. a7 Kb5 75. a8Q Kb4 76. Qa4# 1-0

[Event "Titled Tuesday intern op 01st Aug Early"]
[Site "Chess.com INT"]
[Date "2023.08.01"]
[Round "10"]
[White "Tokman, Ariel"]
[Black "Piesik, Piotr"]
[Result "0-1"]
[WhiteElo "2299"]
[BlackElo "2426"]
[PlyCount "90"]
[EventDate "2023.08.01"]
[EventType "swiss (blitz)"]
[EventRounds "11"]
[EventCountry "USA"]
[SourceTitle "EXT 2024"]
[Source "ChessBase"]
[SourceDate "2023.10.10"]
[SourceVersion "1"]
[SourceVersionDate "2023.10.10"]
[SourceQuality "1"]

1. d4 c5 2. Nf3 cxd4 3. Nxd4 d5 4. g3 e5 5. Nf3 Nc6 6. Bg2 h6 7. 0-0 Nf6 8. b3 Bd6 9. Bb2 0-0 10. e3 Be6 11. Nbd2 b5 12. Qe2 Qb6 13. a3 a5 14. Rfd1 Rfd8 15. Rac1 b4 16. a4 Rac8 17. h3 Qb8 18. e4 d4 19. Nc4 Bc7 20. Ne1 Nd7 21. Nd2 Nc5 22. Nd3 Bd6 23. h4 Nxd3 24. cxd3 Ne7 25. Nc4 Rc5 26. Rf1 Rdc8 27. Rcd1 Bxc4 28. dxc4 Ng6 29. Bh3 Rd8 30. h5 Nf8 31. Bf5 g6 32. Bg4 Qb7 33. Kg2 Qe7 34. Rh1 g5 35. Bf5 Ne6 36. Qg4 Ng7 37. Rhe1 Rc6 38. f4 exf4 39. gxf4 Bxf4 40. Rxd4 Rxd4 41. Bxd4 Be5 42. Be3 Rd6 43. Rf1 Rd3 44. Qe2 Rxb3 45. Bg4 Rb2 0-1

[Event "Titled Tuesday intern op 01st Aug Early"]
[Site "Chess.com INT"]
[Date "2023.08.01"]
[Round "4"]
[White "Tokman, Ariel"]
[Black "Smietanska, Wiktoria"]
[Result "1-0"]
[WhiteElo "2299"]
[BlackElo "2017"]
[PlyCount "105"]
[EventDate "2023.08.01"]
[EventType "swiss (blitz)"]
[EventRounds "11"]
[EventCountry "USA"]
[SourceTitle "EXT 2024"]
[Source "ChessBase"]
[SourceDate "2023.10.10"]
[SourceVersion "1"]
[SourceVersionDate "2023.10.10"]
[SourceQuality "1"]

1. c4 Nf6 2. Nc3 g6 3. g3 Bg7 4. Bg2 0-0 5. Nf3 d6 6. 0-0 Nc6 7. d3 e5 8. Rb1 a5 9. a3 Nh5 10. b4 f5 11. b5 Ne7 12. Qc2 f4 13. a4 h6 14. Bb2 g5 15. Ne4 g4 16. Nh4 Nf6 17. d4 Nxe4 18. Qxe4 Nf5 19. Nxf5 Bxf5 20. Qd5+ Kh8 21. Rbd1 exd4 22. Bxd4 Bg6 23. Bxg7+ Kxg7 24. Qd4+ Qf6 25. gxf4 Rae8 26. e3 Qxd4 27. Rxd4 Bc2 28. Bxb7 Bxa4 29. Ra1 Bc2 30. Rxa5 Rb8 31. Ra7 Rf7 32. Be4 Bxe4 33. Rxe4 c6 34. Rxf7+ Kxf7 35. bxc6 Rc8 36. Kg2 Rxc6 37. Kg3 h5 38. Kh4 Rc5 39. Rd4 Ke6 40. Rd5 Rxc4 41. Rxh5 Rc2 42. Kg3 d5 43. Rg5 Kd6 44. Rxg4 Rc3 45. Kf3 d4 46. Rg1 d3 47. Ke4 Kc5 48. f5 Kc4 49. f6 d2 50. Rd1 Rd3 51. f7 Rd8 52. Rxd2 Rxd2 53. f8Q 1-0

[Event "Titled Tuesday intern op 25th Jul Early"]
[Site "Chess.com INT"]
[Date "2023.07.25"]
[Round "7"]
[White "Tokman, Ariel"]
[Black "Rodriguez Santiago, Jaime"]
[Result "1-0"]
[WhiteElo "2299"]
[BlackElo "2020"]
[PlyCount "71"]
[EventDate "2023.07.25"]
[EventType "swiss (blitz)"]
[EventRounds "11"]
[EventCountry "USA"]
[SourceTitle "EXT 2024"]
[Source "ChessBase"]
[SourceDate "2023.10.10"]
[SourceVersion "1"]
[SourceVersionDate "2023.10.10"]
[SourceQuality "1"]

1. c4 Nf6 2. Nf3 e6 3. Nc3 d5 4. d4 c5 5. cxd5 Nxd5 6. e4 Nxc3 7. bxc3 cxd4 8. cxd4 Bb4+ 9. Bd2 Bxd2+ 10. Qxd2 0-0 11. Bd3 b6 12. 0-0 Bb7 13. Rfe1 Nc6 14. Qe3 Nb4 15. Bb1 Rc8 16. Qd2 a5 17. a3 Nc6 18. h4 Qd7 19. Ba2 Rfd8 20. Rad1 Qe7 21. Qe3 h6 22. Rb1 Qc7 23. d5 exd5 24. exd5 Nb8 25. Rec1 Qd6 26. Rxc8 Rxc8 27. Rxb6 Qc7 28. d6 Qc2 29. Bxf7+ Kxf7 30. Rxb7+ Kg8 31. Qe7 Qc3 32. Ne5 Qc1+ 33. Kh2 Qf4+ 34. Kh3 Qf5+ 35. Kg3 Rc3+ 36. f3 1-0

[Event "Titled Tuesday intern op 27th Jun Early"]
[Site "Chess.com INT"]
[Date "2023.06.27"]
[Round "3"]
[White "Zuriel, Marisa"]
[Black "Tokman, Ariel"]
[Result "0-1"]
[WhiteElo "2146"]
[BlackElo "2306"]
[PlyCount "76"]
[EventDate "2023.06.27"]
[EventType "swiss (blitz)"]
[EventRounds "11"]
[EventCountry "USA"]
[SourceTitle "EXT 2024"]
[Source "ChessBase"]
[SourceDate "2023.10.10"]
[SourceVersion "1"]
[SourceVersionDate "2023.10.10"]
[SourceQuality "1"]

1. e4 d6 2. d4 Nf6 3. Nc3 Nbd7 4. e5 dxe5 5. dxe5 Nxe5 6. Qe2 Nc6 7. Bd2 e6 8. 0-0-0 Bd7 9. f4 Bd6 10. Nf3 Qe7 11. Ne5 0-0-0 12. g3 Nd5 13. Bg2 Nxc3 14. Bxc3 Nxe5 15. fxe5 Bc5 16. Rhf1 a6 17. Qg4 Bb5 18. Rfe1 g6 19. Kb1 Rxd1+ 20. Rxd1 Rd8 21. a3 Rxd1+ 22. Qxd1 Qd7 23. Qf3 Bc6 24. Qf1 Bxg2 25. Qxg2 Qd1+ 26. Ka2 Qd5+ 27. Qxd5 exd5 28. b4 Bg1 29. h3 Kd7 30. Kb3 Ke6 31. b5 axb5 32. Kb4 c6 33. Ka5 Bc5 34. g4 d4 35. Bb4 Bxb4+ 36. axb4 Kxe5 37. Kb6 f5 38. Kxb7 Kd5 0-1

[Event "Buenos Aires Masters op"]
[Site "Buenos Aires"]
[Date "2023.06.19"]
[Round "7"]
[White "Tokman, Ariel"]
[Black "Acosta, Franco Emanuel"]
[Result "1/2-1/2"]
[WhiteElo "2306"]
[BlackElo "2072"]
[PlyCount "80"]
[EventDate "2023.06.14"]
[EventType "swiss"]
[EventRounds "9"]
[EventCountry "ARG"]
[SourceTitle "CBM 215 Extra"]
[Source "ChessBase"]
[SourceDate "2023.09.30"]
[SourceVersion "1"]
[SourceVersionDate "2023.09.30"]
[SourceQuality "1"]

1. Nf3 c5 2. g3 Nc6 3. Bg2 g6 4. 0-0 Bg7 5. c4 d6 6. Nc3 Bf5 7. d3 Qd7 8. Rb1 Bh3 9. Bxh3 Qxh3 10. Nd5 Qd7 11. a3 e6 12. Nc3 Nge7 13. Bd2 0-0 14. b4 b6 15. bxc5 dxc5 16. Qc1 Nf5 17. Re1 Nfd4 18. Nxd4 Nxd4 19. a4 f5 20. a5 bxa5 21. Nb5 Rab8 22. Nxd4 Qxd4 23. Be3 Rxb1 24. Qxb1 Qb2 25. Qxb2 Bxb2 26. Rb1 Rb8 27. Bxc5 a4 28. Ba3 Be5 29. Rxb8+ Bxb8 30. Kf1 Be5 31. Ke1 Bc3+ 32. Kd1 a5 33. Kc2 Bb4 34. Bb2 Kf7 35. d4 Ke8 36. Kd3 Kd7 37. c5 Kc6 38. Kc4 g5 39. Bc1 g4 40. f3 h5 1/2-1/2

[Event "Buenos Aires Masters op"]
[Site "Buenos Aires"]
[Date "2023.06.18"]
[Round "5"]
[White "Unhold, Valentin"]
[Black "Tokman, Ariel"]
[Result "1-0"]
[WhiteElo "2060"]
[BlackElo "2306"]
[PlyCount "51"]
[EventDate "2023.06.14"]
[EventType "swiss"]
[EventRounds "9"]
[EventCountry "ARG"]
[SourceTitle "CBM 215 Extra"]
[Source "ChessBase"]
[SourceDate "2023.09.30"]
[SourceVersion "1"]
[SourceVersionDate "2023.09.30"]
[SourceQuality "1"]

1. Nf3 Nf6 2. c4 g6 3. Nc3 d5 4. cxd5 Nxd5 5. h4 h6 6. e4 Nb6 7. d4 Bg7 8. Be3 Bg4 9. Be2 N8d7 10. Qd2 e5 11. d5 h5 12. 0-0-0 Nc8 13. Kb1 Nd6 14. Rc1 Nb6 15. Nb5 Nxe4 16. Qb4 Bf8 17. Nxc7+ Qxc7 18. Bb5+ Kd8 19. Qxe4 Bf5 20. Bg5+ Be7 21. Qxf5 Qxc1+ 22. Rxc1 gxf5 23. Nxe5 Bxg5 24. Nxf7+ Ke7 25. Rc7+ Kf6 26. hxg5+ 1-0

[Event "Buenos Aires Masters op"]
[Site "Buenos Aires"]
[Date "2023.06.17"]
[Round "4"]
[White "Zamani, Andres"]
[Black "Tokman, Ariel"]
[Result "0-1"]
[WhiteElo "2004"]
[BlackElo "2306"]
[PlyCount "58"]
[EventDate "2023.06.14"]
[EventType "swiss"]
[EventRounds "9"]
[EventCountry "ARG"]
[SourceTitle "CBM 215 Extra"]
[Source "ChessBase"]
[SourceDate "2023.09.30"]
[SourceVersion "1"]
[SourceVersionDate "2023.09.30"]
[SourceQuality "1"]

1. e4 c6 2. d4 d5 3. f3 e6 4. Nc3 Bb4 5. Qd3 Ne7 6. Be3 0-0 7. 0-0-0 Nd7 8. a3 Ba5 9. h4 b5 10. Na2 f5 11. Nh3 fxe4 12. fxe4 dxe4 13. Qxe4 Nf6 14. Qd3 Nf5 15. Bg5 h6 16. Bxf6 Qxf6 17. Be2 Qxh4 18. Bf3 Bd7 19. c3 Rad8 20. Rde1 Bc7 21. Re4 Qf6 22. Rhe1 Nh4 23. Bg4 Nxg2 24. Rg1 Nf4 25. Nxf4 Bxf4+ 26. Kb1 Kh8 27. Qe2 Qg6 28. Nb4 e5 29. Nd3 Bf5 0-1

[Event "Titled Tuesday intern op 13th Jun Early"]
[Site "Chess.com INT"]
[Date "2023.06.13"]
[Round "5"]
[White "Bryakin, Mikhail"]
[Black "Tokman, Ariel"]
[Result "1-0"]
[WhiteElo "2451"]
[BlackElo "2306"]
[PlyCount "57"]
[EventDate "2023.06.13"]
[EventType "swiss (blitz)"]
[EventRounds "11"]
[EventCountry "USA"]
[SourceTitle "EXT 2024"]
[Source "ChessBase"]
[SourceDate "2023.10.10"]
[SourceVersion "1"]
[SourceVersionDate "2023.10.10"]
[SourceQuality "1"]

1. c4 Nf6 2. Nf3 c6 3. e3 d5 4. b3 Bg4 5. Be2 e6 6. Bb2 Nbd7 7. 0-0 Bd6 8. h3 Bh5 9. cxd5 exd5 10. Nd4 Bxe2 11. Qxe2 0-0 12. f4 Re8 13. Nc3 Bc5 14. Qd3 Bb6 15. b4 Nf8 16. Na4 Bc7 17. Nc5 Rb8 18. Rac1 N8d7 19. Nf5 Nxc5 20. bxc5 Re6 21. Bd4 Ne8 22. g4 Qd7 23. Kg2 Re4 24. Ng3 Re6 25. Rf3 Nf6 26. Nf5 g6 27. Nh6+ Kf8 28. f5 gxf5 29. Qxf5 1-0